[Event "SLO-chT1 West"]
[Site "Slovenia"]
[Date "2022.10.07"]
[Round "1.5"]
[White "Zidar, Jernej"]
[Black "Rolih, Miran"]
[Result "1-0"]
[WhiteElo "1665"]
[BlackElo "1876"]
[PlyCount "53"]
[EventDate "2022.10.07"]
[EventType "team-tourn"]
[EventRounds "9"]
[EventCountry "SLO"]
[SourceTitle "CBM 210 Extra"]
[Source "ChessBase"]
[SourceDate "2022.11.30"]
[SourceVersion "1"]
[SourceVersionDate "2022.11.30"]
[SourceQuality "1"]
[WhiteTeam "Komenda"]
[BlackTeam "Ilirska Bistrica Rimex"]
[WhiteTeamCountry "SLO"]
[BlackTeamCountry "SLO"]

1. d4 Nf6 2. Nf3 g6 3. g3 Bg7 4. Bg2 0-0 5. 0-0 d6 6. c4 Nbd7 7. Nc3 e5 8. e4 Nh5 9. d5 a5 10. Be3 f5 11. exf5 gxf5 12. Ng5 Ndf6 13. f4 Ng4 14. Qd2 Nxe3 15. Qxe3 e4 16. g4 h6 17. Ne6 Bxe6 18. dxe6 c5 19. Nb5 fxg4 20. Qxe4 Qh4 21. e7 Rfe8 22. Rae1 Ra6 23. Qg6 Raa8 24. Nxd6 Kh8 25. Nf7+ Kg8 26. Bd5 g3 27. Ng5+ 1-0

[Event "SLO-chT2 West"]
[Site "Komenda"]
[Date "2021.11.28"]
[Round "4.5"]
[White "Rolih, Miran"]
[Black "Blaznik, Vojko"]
[Result "1-0"]
[WhiteElo "1891"]
[BlackElo "1678"]
[PlyCount "39"]
[EventDate "2021.11.27"]
[EventType "team-tourn"]
[EventRounds "7"]
[EventCountry "SLO"]
[SourceTitle "EXT 2024"]
[Source "ChessBase"]
[SourceDate "2023.10.10"]
[SourceVersion "1"]
[SourceVersionDate "2023.10.10"]
[SourceQuality "1"]
[WhiteTeam "Ilirska Bistrica Rinex"]
[BlackTeam "Radovljica"]
[WhiteTeamCountry "SLO"]
[BlackTeamCountry "SLO"]

1. e4 e5 2. Nf3 Nc6 3. Bc4 h6 4. 0-0 Nf6 5. d4 exd4 6. e5 Ng4 7. h3 Ngxe5 8. Nxe5 Nxe5 9. Re1 Qf6 10. Qxd4 d6 11. f4 Be7 12. fxe5 dxe5 13. Qxe5 Qxe5 14. Rxe5 Kf8 15. Nc3 Bf6 16. Re2 c6 17. Bf4 g5 18. Be5 Kg7 19. Rf1 h5 20. Rxf6 1-0

[Event "SLO-chT2 West"]
[Site "Komenda"]
[Date "2019.11.30"]
[Round "6.2"]
[White "Logar, Metod"]
[Black "Rolih, Miran"]
[Result "0-1"]
[WhiteElo "1982"]
[BlackElo "1880"]
[PlyCount "64"]
[EventDate "2019.11.15"]
[EventType "team-tourn"]
[EventRounds "9"]
[EventCountry "SLO"]
[SourceTitle "EXT 2024"]
[Source "ChessBase"]
[SourceDate "2023.10.10"]
[SourceVersion "1"]
[SourceVersionDate "2023.10.10"]
[SourceQuality "1"]
[WhiteTeam "Prevodi Dvojka"]
[BlackTeam "Ilirska Bistrica Rimex"]
[WhiteTeamCountry "SLO"]
[BlackTeamCountry "SLO"]

1. e4 c5 2. Nf3 d6 3. d4 cxd4 4. Nxd4 Nf6 5. Nc3 a6 6. Be2 Qc7 7. 0-0 e5 8. Nf5 Bxf5 9. exf5 Nbd7 10. Be3 b5 11. a4 b4 12. Nd5 Qa5 13. Bc4 Rc8 14. Qd3 Nxd5 15. Bxd5 Rc7 16. Bc4 Be7 17. Bxa6 d5 18. Bb5 d4 19. Bxd4 exd4 20. Qxd4 0-0 21. Bxd7 Rd8 22. Rad1 Rcxd7 23. Qg4 Rxd1 24. Rxd1 Rxd1+ 25. Qxd1 Qxa4 26. g3 Qb5 27. Qf3 Qc4 28. f6 gxf6 29. Qf5 Qe6 30. Qf3 f5 31. Kf1 Qc4+ 32. Kg2 Qxc2 0-1

[Event "SLO-chT2 West"]
[Site "Komenda"]
[Date "2019.11.17"]
[Round "4.3"]
[White "Rolih, Miran"]
[Black "Novak, Robert"]
[Result "1-0"]
[WhiteElo "1880"]
[BlackElo "1698"]
[PlyCount "95"]
[EventDate "2019.11.15"]
[EventType "team-tourn"]
[EventRounds "9"]
[EventCountry "SLO"]
[SourceTitle "EXT 2024"]
[Source "ChessBase"]
[SourceDate "2023.10.10"]
[SourceVersion "1"]
[SourceVersionDate "2023.10.10"]
[SourceQuality "1"]
[WhiteTeam "Ilirska Bistrica Rimex"]
[BlackTeam "Vrhnika"]
[WhiteTeamCountry "SLO"]
[BlackTeamCountry "SLO"]

1. e4 e5 2. Nf3 Nc6 3. Bc4 Bc5 4. 0-0 Nf6 5. d4 exd4 6. e5 d5 7. exf6 dxc4 8. Re1+ Be6 9. Ng5 Qxf6 10. Nxe6 fxe6 11. Qh5+ g6 12. Qxc5 Rf8 13. f3 e5 14. Nd2 0-0-0 15. Qxc4 g5 16. Ne4 Qf5 17. Nxg5 Rd7 18. Qd3 Qf6 19. Nxh7 Qh4 20. Nxf8 Qxe1+ 21. Qf1 Qxf1+ 22. Kxf1 Rf7 23. Ne6 Rf5 24. Bd2 e4 25. f4 e3 26. Be1 Kd7 27. g4 Rb5 28. f5 Rxb2 29. Rd1 Rxc2 30. Nxd4 Rxa2 31. Nxc6+ Kxc6 32. Rc1+ Kd7 33. Bg3 c6 34. g5 Ra5 35. Rd1+ Ke8 36. Ke2 Rxf5 37. h4 c5 38. Kxe3 Ke7 39. Ke4 Rf7 40. Bd6+ Ke8 41. Bxc5 b6 42. Bd4 Rh7 43. Rh1 b5 44. h5 Re7+ 45. Kf5 Rf7+ 46. Bf6 Kf8 47. Rc1 Rb7 48. Rc8+ 1-0

[Event "SLO-chT2 West"]
[Site "Komenda"]
[Date "2019.11.16"]
[Round "2.4"]
[White "Pavlin, Ivan"]
[Black "Rolih, Miran"]
[Result "1-0"]
[WhiteElo "1858"]
[BlackElo "1880"]
[PlyCount "90"]
[EventDate "2019.11.15"]
[EventType "team-tourn"]
[EventRounds "9"]
[EventCountry "SLO"]
[SourceTitle "EXT 2024"]
[Source "ChessBase"]
[SourceDate "2023.10.10"]
[SourceVersion "1"]
[SourceVersionDate "2023.10.10"]
[SourceQuality "1"]
[WhiteTeam "Jesenice Acroni"]
[BlackTeam "Ilirska Bistrica Rimex"]
[WhiteTeamCountry "SLO"]
[BlackTeamCountry "SLO"]

1. d4 Nf6 2. c4 c5 3. Nf3 g6 4. Nc3 cxd4 5. Nxd4 Bg7 6. e3 0-0 7. Be2 d6 8. 0-0 Nbd7 9. Qc2 h5 10. b3 a6 11. Bb2 Ne5 12. Rad1 Neg4 13. h3 Nh6 14. e4 Qa5 15. a3 g5 16. b4 Qb6 17. Nf5 Bxf5 18. exf5 g4 19. Nd5 Nxd5 20. Bxg7 Kxg7 21. Rxd5 f6 22. h4 Nf7 23. Kh2 Ne5 24. Qe4 Rac8 25. Rd4 Qc6 26. f3 Qxe4 27. Rxe4 Rc7 28. fxg4 hxg4 29. Bxg4 Rxc4 30. Rxc4 Nxc4 31. Rc1 b5 32. Bf3 Rb8 33. Rc3 Rh8 34. g3 Rb8 35. Kh3 Rb6 36. Bd5 Kf8 37. g4 Rb8 38. g5 fxg5 39. hxg5 Nb6 40. Be6 d5 41. Kg4 d4 42. Rd3 Rd8 43. Kf4 Nc4 44. Ke4 Nd6+ 45. Kd5 Rc8 1-0

[Event "SLO-chT1 West"]
[Site "Slovenia"]
[Date "2018.10.26"]
[Round "7.2"]
[White "Mencinger, Vojko"]
[Black "Rolih, Miran"]
[Result "1-0"]
[WhiteElo "2344"]
[BlackElo "1865"]
[PlyCount "55"]
[EventDate "2018.09.28"]
[EventType "team-tourn"]
[EventRounds "9"]
[EventCountry "SLO"]
[SourceTitle "CBM 187 Extra"]
[Source "ChessBase"]
[SourceDate "2018.11.04"]
[SourceVersion "1"]
[SourceVersionDate "2018.11.04"]
[SourceQuality "1"]
[WhiteTeam "Gorenjka Lesce"]
[BlackTeam "Ilirska Bistrica Rimex"]
[WhiteTeamCountry "SLO"]
[BlackTeamCountry "SLO"]

1. e4 c5 2. Nf3 d6 3. d4 cxd4 4. Nxd4 Nf6 5. Nc3 a6 6. f4 Qc7 7. Be2 b5 8. 0-0 Bb7 9. Bf3 Nbd7 10. Kh1 Nc5 11. Qe1 e6 12. e5 Bxf3 13. exf6 Bb7 14. f5 e5 15. b4 Nd7 16. fxg7 Bxg7 17. f6 Bxf6 18. Ne4 Be7 19. Nf5 Rg8 20. Nxe7 Kxe7 21. Qh4+ Ke8 22. Qxh7 Rf8 23. Bh6 Bd5 24. Rad1 Bxe4 25. Qxe4 d5 26. Rxd5 Qc6 27. Rxe5+ Nxe5 28. Qxe5+ 1-0

[Event "SLO-chT1 West"]
[Site "Slovenia"]
[Date "2018.10.12"]
[Round "4.6"]
[White "Rolih, Miran"]
[Black "Ravnik, Franc"]
[Result "1-0"]
[WhiteElo "1865"]
[BlackElo "1887"]
[PlyCount "50"]
[EventDate "2018.09.28"]
[EventType "team-tourn"]
[EventRounds "9"]
[EventCountry "SLO"]
[SourceTitle "CBM 187 Extra"]
[Source "ChessBase"]
[SourceDate "2018.11.04"]
[SourceVersion "1"]
[SourceVersionDate "2018.11.04"]
[SourceQuality "1"]
[WhiteTeam "Ilirska Bistrica Rimex"]
[BlackTeam "Jeenice Sij Acroni"]
[WhiteTeamCountry "SLO"]
[BlackTeamCountry "SLO"]

1. e4 e5 2. Nf3 Nc6 3. Bc4 Nf6 4. 0-0 Be7 5. d4 d6 6. d5 Nb8 7. Nc3 0-0 8. h3 a6 9. a4 c6 10. a5 Nbd7 11. Qe2 cxd5 12. Bxd5 Nxd5 13. Nxd5 b5 14. Be3 Bb7 15. Bb6 Nxb6 16. Nxb6 Rb8 17. c4 Bc6 18. Rfd1 Qc7 19. Rac1 Qb7 20. c5 Rbd8 21. cxd6 Bxd6 22. Nd5 f5 23. Ng5 fxe4 24. Qxe4 g6 25. Rxc6 Rf6 1-0

[Event "Nova Gorica op 21st"]
[Site "Nova Gorica"]
[Date "2016.01.30"]
[Round "3"]
[White "Rolih, Miran"]
[Black "Racnik, Tone"]
[Result "1-0"]
[WhiteElo "1795"]
[BlackElo "2014"]
[PlyCount "127"]
[EventDate "2016.01.29"]
[EventType "swiss"]
[EventRounds "9"]
[EventCountry "SLO"]
[SourceTitle "CBM 170 Extra"]
[Source "ChessBase"]
[SourceDate "2016.02.25"]
[SourceVersion "1"]
[SourceVersionDate "2016.02.25"]
[SourceQuality "1"]

1. e4 d6 2. d4 Nf6 3. Nc3 g6 4. f4 Bg7 5. Nf3 0-0 6. Be2 Nc6 7. d5 Nb4 8. a3 Na6 9. Be3 c5 10. 0-0 Nc7 11. h3 b5 12. b4 Nh5 13. e5 Ng3 14. Re1 cxb4 15. axb4 Nxe2+ 16. Rxe2 a6 17. Bb6 Rb8 18. Ba5 Bb7 19. Qd3 Qd7 20. Rd1 Rbc8 21. Ng5 e6 22. exd6 Nxd5 23. Nxd5 Bxd5 24. Qg3 Qxd6 25. Qh4 h6 26. Ne4 Qc6 27. Nf6+ Bxf6 28. Qxf6 Qc3 29. Qh4 Qg7 30. Bb6 g5 31. Qf2 gxf4 32. Bc5 Rfe8 33. Qxf4 Qg5 34. Qf2 f5 35. Rd3 f4 36. h4 Qg4 37. Kh2 Rf8 38. Bxf8 Rxf8 39. Rc3 Bc4 40. Re4 Qg7 41. Ra3 Bd5 42. Re1 Qc7 43. Rxa6 f3+ 44. g3 Rc8 45. Rc1 Qc3 46. g4 Qxb4 47. g5 Qf4+ 48. Qg3 hxg5 49. hxg5 Qxg3+ 50. Kxg3 Kf7 51. Rb6 Rc5 52. Kg4 Kg6 53. Kf4 Rc4+ 54. Ke5 b4 55. Rb1 f2 56. Rf1 Re4+ 57. Kd6 Rf4 58. Rb8 Rf7 59. Rg8+ Kh5 60. g6 Rf6 61. g7 Kg6 62. Rf8 Kxg7 63. Rxf6 Kxf6 64. Rxf2+ 1-0

[Event "Nova Gorica op 21st"]
[Site "Nova Gorica"]
[Date "2016.01.29"]
[Round "1"]
[White "Rolih, Miran"]
[Black "Blagojevic, Tijana"]
[Result "0-1"]
[WhiteElo "1795"]
[BlackElo "2253"]
[PlyCount "56"]
[EventDate "2016.01.29"]
[EventType "swiss"]
[EventRounds "9"]
[EventCountry "SLO"]
[SourceTitle "CBM 170 Extra"]
[Source "ChessBase"]
[SourceDate "2016.02.25"]
[SourceVersion "1"]
[SourceVersionDate "2016.02.25"]
[SourceQuality "1"]

1. e4 e5 2. Nf3 Nc6 3. Bc4 Bc5 4. 0-0 Nf6 5. d4 exd4 6. e5 Ng4 7. Bf4 0-0 8. h3 Nh6 9. Bxh6 gxh6 10. Nbd2 d5 11. exd6 Bxd6 12. Nb3 Qf6 13. Nbxd4 Rd8 14. c3 Ne5 15. Nxe5 Bxe5 16. Re1 c5 17. Qh5 Bxd4 18. cxd4 cxd4 19. Rad1 Bf5 20. Qf3 Kg7 21. Bd5 Rd7 22. Bxb7 Rad8 23. Be4 Bg6 24. Qxf6+ Kxf6 25. f4 Re7 26. Bxg6 Rxe1+ 27. Rxe1 hxg6 28. Kf2 Rc8 0-1

[Event "SLO-chT2 West"]
[Site "Slovenia"]
[Date "2015.11.07"]
[Round "5"]
[White "Rolih, Miran"]
[Black "Ursic, Mateja"]
[Result "1-0"]
[WhiteElo "1954"]
[BlackElo "1997"]
[PlyCount "83"]
[EventDate "2015.10.17"]
[EventType "team-tourn"]
[EventRounds "7"]
[EventCountry "SLO"]
[SourceTitle "EXT 2019"]
[Source "ChessBase"]
[SourceDate "2018.10.10"]
[SourceVersion "1"]
[SourceVersionDate "2018.10.10"]
[SourceQuality "1"]
[WhiteTeam "Ilirska Bistrica Rimex"]
[BlackTeam "Posocje"]
[WhiteTeamCountry "SLO"]
[BlackTeamCountry "SLO"]

1. e4 e5 2. Nf3 Nc6 3. Bc4 Bc5 4. 0-0 Nf6 5. d4 Nxd4 6. Nxe5 0-0 7. Be3 Ne6 8. Bxe6 Bxe3 9. Bxf7+ Kh8 10. Bb3 Bb6 11. Nf7+ Rxf7 12. Bxf7 Nxe4 13. Qe2 d5 14. Nd2 Bf5 15. Nxe4 Bxe4 16. Kh1 Qe7 17. f3 Qxf7 18. fxe4 Qe7 19. Rae1 d4 20. e5 Qe6 21. a3 c5 22. Qf3 c4 23. Qxb7 Rg8 24. Qf7 Qxf7 25. Rxf7 Re8 26. e6 Kg8 27. Rf3 g6 28. g4 Rd8 29. g5 Bc5 30. b4 Be7 31. h4 h6 32. Rf7 Re8 33. gxh6 Bxh4 34. Rg7+ Kh8 35. Re4 Be7 36. Rxg6 Kh7 37. Rgg4 Bf6 38. Rgf4 Bh8 39. e7 Kg8 40. h7+ Kg7 41. Rf3 c3 42. Rg4+ 1-0

[Event "SLO-CupT"]
[Site "Radenci"]
[Date "2014.05.04"]
[Round "6"]
[White "Titan, Matej"]
[Black "Rolih, Miran"]
[Result "1-0"]
[WhiteElo "2202"]
[BlackElo "1841"]
[PlyCount "79"]
[EventDate "2014.05.02"]
[EventType "team-tourn"]
[EventRounds "7"]
[EventCountry "SLO"]
[SourceTitle "EXT 2019"]
[Source "ChessBase"]
[SourceDate "2018.10.10"]
[SourceVersion "1"]
[SourceVersionDate "2018.10.10"]
[SourceQuality "1"]
[WhiteTeam "Radenska Pomgrad"]
[BlackTeam "Ilirska Bistrica Rimex"]
[WhiteTeamCountry "SLO"]
[BlackTeamCountry "SLO"]

1. c4 c5 2. Nf3 Nc6 3. d4 cxd4 4. Nxd4 Nf6 5. g3 g6 6. Bg2 Bg7 7. 0-0 0-0 8. Nc3 Nxd4 9. Qxd4 d6 10. Qd3 Rb8 11. Be3 b6 12. h3 Bf5 13. Qd2 h5 14. Rac1 Qd7 15. Kh2 Rfc8 16. b3 Rd8 17. Bd4 e5 18. Be3 e4 19. Rfd1 Qe6 20. Bg5 Rd7 21. a4 Nh7 22. Be3 Be5 23. Bf4 Bxf4 24. Qxf4 g5 25. Qe3 Re8 26. Rd2 Bg6 27. Rcd1 f5 28. Nb5 Red8 29. f4 h4 30. fxg5 Qe5 31. Qf4 hxg3+ 32. Kxg3 Qxf4+ 33. Kxf4 Nf8 34. Rxd6 Rxd6 35. Rxd6 Rxd6 36. Nxd6 Ne6+ 37. Ke5 Nxg5 38. Kf6 f4 39. Kxg5 f3 40. exf3 1-0